000 00915nam a22002897a 4500
003 CHAP
005 20220329140158.0
008 971013s r 00010 d
010 _a48145
011 _a49117
035 _a53265
040 _cCHAP
090 _aR-2976
100 0 0 _aTomaz, Ilidio Lucas.
_9113851
245 _aEutipiose e outras doencas do lenho da videira
500 _aSobretiro de : Anais do Instituto Superior de Agronomía Lisboa 41: 233-243
590 _aBATCH-UPD
_b10
_c20130110
_lUCH01
_h1030
590 _aBATCH-UPD
_b10
_c20130410
_lUCH01
_h0633
590 _aBATCH-UPD
_b10
_c20130914
_lUCH01
_h1054
590 _aCONVERSION
_b10
_c20130109
_lUCH01
_h1326
650 1 4 _aEytypa americae.
_939228
650 1 4 _aVid
_xEnfermedades.
_9119108
700 0 _aCosta, María Eugenia A. Pereira de.
_928494
901 _aBK
942 _cREIMP
949 _aR-2976
_bBC
_cR
_d-118225
_eTS1
_i53265
_si
999 _c48145
_d48145